Guatemala: la demanda de información socio-educativa y recursos existentes en el país

Đã lưu trong:
Chi tiết về thư mục
Tác giả của công ty: Guatemala. Ministerio de Educación. Unidad Sectorial de Investigación y Planificación Educativa
Định dạng: Texto
Được phát hành: Guatemala :
Những chủ đề:
Các nhãn: Thêm thẻ
Không có thẻ, Là người đầu tiên thẻ bản ghi này!

MARC

LEADER 00000 a a2200000 04500
001 15550
003
040
090 |a 013400  
110 |a Guatemala. Ministerio de Educación. Unidad Sectorial de Investigación y Planificación Educativa  
245 |a Guatemala: la demanda de información socio-educativa y recursos existentes en el país  
260 |a Guatemala :  
300 |a 11 p.  
650 |a INFORMACION  
999 |c 16135  |d 16135